|
|
|
|
| LEADER |
00000cam a2200000 7i4500 |
| 001 |
0000001527 |
| 005 |
20020328.0 |
| 090 |
0 |
0 |
|a JPSM634.9
|b WAN 1988
|
| 100 |
0 |
0 |
|a WAN Yusoff Wan Ahmad
|
| 245 |
1 |
0 |
|a Application of landsat/spot digital and visual analysis as a tool for forest classification and mapping in Lesong Forest Reserve, Peninsular Malaysia :
|b Fellowship project report in remote sensing at the ASEAN Institute of Forest Management
|c Wan YusoffWan Ahmad
|
| 260 |
0 |
0 |
|a Kuala Lumpur :
|b Forestry Department Headquarters ,
|c 1988
|
| 300 |
|
|
|a v, 43 p. :
|b ill., maps ;
|c 26 cm.
|
| 500 |
0 |
0 |
|a Bibliography : p. 31-34
|
| 650 |
0 |
0 |
|a Forest mapping
|x Remote sensing
|x Data processing
|
| 998 |
|
|
|a JPSM
|
| 999 |
|
|
|a 0000002688
|b Monograph
|c Open Shelf
|e Default branch
|
| 999 |
|
|
|a 0000003008
|b Monograph
|c Open Shelf
|e Default branch
|
| 999 |
|
|
|a 0000003160
|b Monograph
|c Open Shelf
|e Default branch
|
| 999 |
|
|
|a 0000003181
|b Monograph
|c Open Shelf
|e Default branch
|